| 000 | 00444nam a2200181Ia 4500 | ||
|---|---|---|---|
| 008 | 180207s9999 xx 000 0 und d | ||
| 020 | _a9780330289504 | ||
| 050 | _bJ36 1980 | ||
| 100 | _aJaques, Faith | ||
| 245 | _aTilly's rescue / | ||
| 245 | _cwritten and illustrated by Faith Jaques. | ||
| 260 | _aLondon : | ||
| 260 | _bPiccolo Books, | ||
| 260 | _c1980 | ||
| 300 | _aunpaged : | ||
| 300 | _bchiefly colored ; | ||
| 300 | _c21cm. | ||
| 999 |
_c355662 _d355662 |
||